[Event "17th ch-EU U16 Boys"]
[Site "Sibenik CRO"]
[Date "2007.09.14"]
[Round "1"]
[White "Kilpatrick,C"]
[Black "Martinovic,Sa"]
[Result "0-1"]
[WhiteElo "2120"]
[BlackElo "2371"]

1.e4 c5 2.Nf3 Nc6 3.Bb5 e6 4.Bxc6 bxc6 5.d3 Ne7 6.Qe2 Ng6 7.Ng5 f6 8.Nh3 Be7
9.O-O O-O 10.f4 d5 11.c4 Rf7 12.Nd2 f5 13.Nf3 h6 14.Kh1 Bd6 15.e5 Bf8 16.Be3 a5
17.Rg1 Ba6 18.Raf1 Rb8 19.g4 fxg4 20.Rxg4 Ne7 21.Bxc5 Nf5 22.Bxf8 Qxf8 23.Rg6 dxc4
24.dxc4 Qb4 25.b3 a4 26.Nhg5 axb3 27.axb3 Qxb3 28.Nd2 Qe3 29.Qxe3 Nxe3 30.Nxf7 Nxf1
31.Nxf1 Kxf7 32.Rg1 Bxc4 33.Ne3 Bd5+ 34.Nxd5 exd5 35.f5 d4 36.Rg6 c5 37.Rd6 Ke7
38.Rd5 Rf8 39.Rxc5 Rxf5 40.Rd5 Rf4 41.Rd6 Rg4 42.Ra6 h5 43.Rd6 h4 44.h3 Rg3
45.Rxd4 Rxh3+ 46.Kg2 Rg3+ 47.Kf2 g5 48.Rd6 g4 49.Rf6 Ra3 50.Rf4 g3+ 51.Kg2 Ra2+
52.Kf1 h3  0-1

[Event "TCh-FIN 2007-8"]
[Site "Finland FIN"]
[Date "2007.09.15"]
[Round "1"]
[White "Puittinen,M"]
[Black "Nyback,J"]
[Result "0-1"]
[WhiteElo "2151"]
[BlackElo "2096"]

1.e4 c5 2.Nf3 Nc6 3.Bb5 g6 4.Bxc6 dxc6 5.d3 Bg7 6.Nc3 Nf6 7.Be3 b6 8.Qd2 Ng4
9.Bg5 f6 10.Bh4 O-O 11.h3 Nh6 12.O-O-O Nf7 13.Kb1 e5 14.g4 Bh6 15.Qe2 b5
16.Nd2 a5 17.a4 Be6 18.f3 Rb8 19.Bf2 Qd6 20.Nb3 Bxb3 21.cxb3 Nd8 22.axb5 cxb5
23.Nd5 Ne6 24.h4 Nf4 25.Nxf4 Bxf4 26.Be3 Bxe3 27.Qxe3 a4 28.Rc1 axb3 29.Rc3 c4
30.dxc4 bxc4 31.Qe2 Rfc8 32.Rxc4 Rxc4 33.Qxc4+ Kh8 34.h5 gxh5 35.gxh5 Qd2
36.h6 Qa5 37.Qf7 Qa2+ 38.Kc1 Qa1+ 39.Kd2 Qxb2+ 40.Ke3 Qc3+ 41.Ke2 Qc2+ 42.Ke1 Qc1+
43.Ke2 Qg5 44.Rb1 Qxh6 45.Rxb3 Rc8 46.Kd3 Qf4 47.Qh5 Qc1  0-1

[Event "17th ch-EU U18 Girls"]
[Site "Sibenik CRO"]
[Date "2007.09.15"]
[Round "2"]
[White "Somova,N"]
[Black "Yelmarova,N"]
[Result "1-0"]
[WhiteElo "1963"]
[BlackElo "1850"]

1.e4 c5 2.Nf3 Nc6 3.Bb5 d6 4.c3 Nf6 5.Qe2 Bd7 6.O-O a6 7.Ba4 e5 8.d3 Be7
9.h3 h6 10.Nh2 O-O 11.f4 b5 12.Bd1 exf4 13.Bxf4 Ne5 14.Nd2 Ng6 15.Be3 Qc7
16.Bb3 Rae8 17.Qf2 a5 18.a3 Kh7 19.Nhf3 a4 20.Ba2 Bc6 21.Qg3 c4 22.dxc4 Bxe4
23.cxb5 Bd3 24.b6 Qb7 25.Rf2 Bd8 26.Bd4 Nh5 27.Ng5+ Bxg5 28.Qxd3 Nf4 29.Qc2 Re2
30.Raf1 Bh4 31.Rxe2 Nxe2+ 32.Kh2 Bg3+ 33.Kh1 Bf4 34.Rf3 Re8 35.Nf1 f5 36.Qxf5 Rf8
37.Qd5 Qb8  1-0

[Event "17th Senior WCh"]
[Site "Gmunden AUT"]
[Date "2007.09.17"]
[Round "1"]
[White "Plachetka,J"]
[Black "Oud,N"]
[Result "1-0"]
[WhiteElo "2412"]
[BlackElo "2058"]

1.e4 c5 2.Nf3 Nc6 3.Bb5 d6 4.O-O Bd7 5.c3 Nf6 6.Re1 a6 7.Bf1 e6 8.d4 cxd4
9.cxd4 Be7 10.d5 Nb8 11.Nc3 O-O 12.Qb3 Bc8 13.dxe6 fxe6 14.Bc4 Kh8 15.Bxe6 Nbd7
16.Be3 b5 17.Rad1 Bb7 18.Ng5 Ne5 19.Bd4 Nfg4 20.Bxg4 Nxg4 21.Nf7+ Rxf7 22.Qxf7  1-0

[Event "17th ch-EU U16 Boys"]
[Site "Sibenik CRO"]
[Date "2007.09.17"]
[Round "4"]
[White "Blum,N"]
[Black "Chirila,I"]
[Result "1-0"]
[WhiteElo "2166"]
[BlackElo "2345"]

1.e4 c5 2.Nf3 Nc6 3.Bb5 e6 4.Bxc6 dxc6 5.d3 Ne7 6.Qe2 Ng6 7.e5 Be7 8.Qe4 Qc7
9.h4 h5 10.Bg5 Qb6 11.b3 Qb4+ 12.Nbd2 Qxe4+ 13.Nxe4 b6 14.a4 a5 15.O-O-O Ba6
16.Rde1 Rd8 17.g3 Rd5 18.Bxe7 Kxe7 19.Nc3 Rd7 20.Ng5 Nf8 21.f4 Nh7 22.Nce4 Rd5
23.Nd6 Nxg5 24.hxg5 b5 25.Rd1 c4 26.bxc4 bxc4 27.dxc4 Rxd1+ 28.Kxd1 g6 29.c3 c5
30.Kc2 Bc8 31.Rb1 Bd7 32.Rb7 h4 33.gxh4 Rxh4 34.Ne4 Kd8 35.Nxc5 Be8 36.Nd3 Bc6
37.Rxf7 Be4 38.Kd2 Bf5 39.Nc5 Ke8 40.Ra7 Rxf4 41.Rxa5 Rxc4 42.Nb7 Rg4 43.Nd6+ Kd7
44.Ra7+ Kc6 45.a5 Rxg5 46.a6 Rg2+ 47.Ke3 Rg3+ 48.Kf4 Rxc3 49.Ra8 Kb6 50.a7 Bd3
51.Nc8+ Rxc8 52.Rxc8 Kxa7 53.Rc6 Bf5 54.Kg5 Kb7 55.Rd6 Kc8 56.Kf6 Kc7 57.Rd4 Kb6
58.Rd1 Kc6 59.Rd8 Kb6 60.Rc8 Kb5 61.Re8 Kc6 62.Rxe6+ Bxe6 63.Kxe6 g5 64.Kf7  1-0

[Event "17th Senior WCh"]
[Site "Gmunden AUT"]
[Date "2007.09.18"]
[Round "2"]
[White "Jansa,Vl"]
[Black "Buxade Roca,G"]
[Result "1/2-1/2"]
[WhiteElo "2494"]
[BlackElo "2193"]

1.e4 c5 2.Nf3 Nc6 3.Bb5 Nf6 4.Nc3 Qc7 5.O-O Nd4 6.d3 a6 7.Ba4 e6 8.Nxd4 cxd4
9.Ne2 b5 10.Bb3 Bc5 11.Bg5 Bb7 12.Ng3 h5 13.Rc1 Ng4 14.h3 Ne3 15.fxe3 Qxg3
16.Bf4 Qg6 17.Kh1 dxe3 18.Qe2 O-O 19.c3 Be7 20.Rf3 h4 21.Rxe3 Rac8 22.d4 b4
23.Bc2 bxc3 24.bxc3 Bg5 25.Rf1 f5 26.exf5 exf5 27.Bb3+ Kh8 28.d5 Qh6 29.Bxg5 Qxg5
30.c4 a5 31.Re7 Rcd8 32.Ba4 Bc8 33.Re1 d6 34.Qf3 f4 35.Bc2 Bf5 36.Bxf5 Qxf5
37.Qc3 Qg5 38.Qf3 Rc8 39.R7e4 Rc7 40.Rf1 Rcf7 41.Re6 Rf6 42.Rfe1 Kg8 43.Re7 R6f7
44.R7e6 Rf6 45.R1e4 Qf5 46.a4 Qg5 47.Kg1 Qf5 48.Qg4 Qxg4 49.hxg4 g5 50.Kf2 Kg7
51.Kf3 Rc8 52.Re8 Rxe8 53.Rxe8 Rf8 54.Re7+ Rf7 55.Re6 Rc7 56.Ke4 Rxc4+ 57.Kf5 Rxa4
58.Rxd6 Ra2 59.Rd7+ Kf8 60.Kxg5 Rxg2 61.Kxf4 h3 62.Rh7 h2 63.d6 Rd2 64.Ke5 Ke8
65.g5 Re2+ 66.Kf6 Rf2+ 67.Ke6 Re2+ 68.Kd5 Rd2+ 69.Kc6 Rc2+ 70.Kb5 Rd2 71.Kc6 Rc2+
72.Kb5 Rd2 73.g6 Rxd6 74.Rh8+ Ke7 75.g7 Rg6  1/2-1/2

[Event "17th ch-EU U16 Boys"]
[Site "Sibenik CRO"]
[Date "2007.09.18"]
[Round "5"]
[White "Kilpatrick,C"]
[Black "Krivec,S"]
[Result "1-0"]
[WhiteElo "2120"]
[BlackElo "2003"]

1.e4 c5 2.Nf3 Nc6 3.Bb5 Na5 4.d4 a6 5.Be2 cxd4 6.Nxd4 b5 7.O-O Bb7 8.a4 b4
9.c3 e6 10.Bf3 Nf6 11.Re1 Qc7 12.Bd2 bxc3 13.Bxc3 Nc4 14.g3 h5 15.Nd2 Ne5
16.Bg2 h4 17.N2b3 hxg3 18.hxg3 Neg4 19.Na5 e5 20.Ndb3 Qb6 21.Qc2 Bxe4 22.Bxe4 Nxe4
23.Rxe4 Nxf2 24.Bd4 Qh6 25.Rh4 Qg5 26.Rxh8 Qxg3+ 27.Kf1 Ng4 28.Qg2 Qd3+ 29.Kg1  1-0

[Event "17th ch-EU U16 Girls"]
[Site "Sibenik CRO"]
[Date "2007.09.20"]
[Round "7"]
[White "Thorsteinsdottir,H"]
[Black "Deur,Z"]
[Result "1/2-1/2"]
[WhiteElo "1808"]
[BlackElo "1943"]

1.e4 c5 2.Nf3 Nc6 3.Bb5 d6 4.c3 Bd7 5.O-O Nf6 6.Qe2 a6 7.Bxc6 Bxc6 8.e5 dxe5
9.Nxe5 Qd5 10.Nxc6 Qxc6 11.d3 e6 12.Bf4 Rd8 13.Na3 Bd6 14.Bxd6 Qxd6 15.Rad1 b5
16.d4 c4 17.Nc2 O-O 18.Ne3 Qb6 19.a4 h6 20.b3 Rc8 21.bxc4 bxc4 22.Nxc4 Qb3
23.Ne5 Nd5 24.Qxa6 Nxc3 25.Rd3 Qxa4 26.Qxa4 Nxa4 27.d5 exd5 28.Rxd5 Rc2 29.Rd7 Ra2
30.Nc6 Re8 31.Rd8 Rxd8 32.Nxd8 Kf8 33.Nc6 Rc2 34.Nd4 Rd2 35.Nc6 Rc2 36.Nd4  1/2-1/2

[Event "17th ch-EU U16 Boys"]
[Site "Sibenik CRO"]
[Date "2007.09.20"]
[Round "7"]
[White "Lavrik,D"]
[Black "Alonso Rosell,A"]
[Result "1-0"]
[WhiteElo "2371"]
[BlackElo "2285"]

1.e4 c5 2.Nf3 Nc6 3.Bb5 d6 4.d4 cxd4 5.Qxd4 Bd7 6.Bxc6 Bxc6 7.Nc3 e6 8.Bg5 Nf6
9.O-O-O Be7 10.Rhe1 O-O 11.Qd2 Rc8 12.Nd4 Qc7 13.f3 a6 14.g4 b5 15.Nce2 Bd7
16.Kb1 Rfd8 17.Ng3 Kh8 18.Nh5 Rg8 19.Rg1 Qc5 20.h4 b4 21.Nxf6 gxf6 22.Be3 Qc4
23.g5 e5 24.Nf5 Bxf5 25.exf5 d5 26.gxf6 Rxg1 27.Rxg1 Bxf6 28.Bg5 Qc6 29.Qg2 e4
30.fxe4 Bd4 31.exd5 Qd6 32.Be3 Bf6 33.Qe4 Rg8 34.Rxg8+ Kxg8 35.Bd4 Qg3 36.b3 Bxd4
37.Qxd4 Qd6 38.a3 a5 39.axb4 axb4 40.f6 Kf8 41.h5  1-0

[Event "17th ch-EU U16 Boys"]
[Site "Sibenik CRO"]
[Date "2007.09.20"]
[Round "7"]
[White "Muheim,Sebastian"]
[Black "Tausanov,M"]
[Result "1-0"]
[WhiteElo "2005"]
[BlackElo "1771"]

1.e4 c5 2.Nf3 Nc6 3.Bb5 g6 4.O-O Bg7 5.c3 Nf6 6.e5 Nd5 7.d4 cxd4 8.cxd4 O-O
9.Nc3 Nc7 10.Bf4 Nxb5 11.Nxb5 Qb6 12.a4 f6 13.exf6 Bxf6 14.Nc7 Rb8 15.Nd5 Qxb2
16.Bxb8 Nxb8 17.Qd3 d6 18.Rab1 Bf5 19.Qxf5  1-0

[Event "17th ch-EU U16 Boys"]
[Site "Sibenik CRO"]
[Date "2007.09.21"]
[Round "8"]
[White "Ben,T"]
[Black "Bjelicic,J"]
[Result "1/2-1/2"]
[WhiteElo "1966"]
[BlackElo "2101"]

1.e4 c5 2.Nf3 Nc6 3.Bb5 d6 4.O-O Bd7 5.Re1 Nf6 6.c3 a6 7.Bf1 Bg4 8.h3 Bh5
9.d3 e6 10.Nbd2 Be7 11.g4 Bg6 12.Nh4 Nd7 13.Ng2 e5 14.Nf3 Nf8 15.a4 Ne6 16.Qd2 h6
17.Rb1 Ng5 18.Nxg5 Bxg5 19.Qd1 Qf6 20.Ne3 O-O 21.Nd5 Qd8 22.Be3 Rb8 23.b4 Bxe3
24.Rxe3 cxb4 25.Nxb4 Qa5 26.Qb3 Nxb4 27.Qxb4 Qxb4 28.Rxb4 Rfc8 29.d4 f6 30.Rb6 Rd8
31.Re1 Kf8 32.Kg2 Ke7 33.Kf3 Rdc8 34.Rb3 a5 35.Reb1 b6 36.Bb5 d5  1/2-1/2

[Event "16th Monarch Assurance"]
[Site "Port Erin IOM"]
[Date "2007.09.22"]
[Round "1"]
[White "Ferguson,M"]
[Black "Kotronias,V"]
[Result "0-1"]
[WhiteElo "2413"]
[BlackElo "2612"]

1.e4 c5 2.Nf3 Nc6 3.Bb5 g6 4.O-O Bg7 5.c3 Nf6 6.Re1 O-O 7.e5 Nd5 8.d4 cxd4
9.cxd4 d6 10.Nc3 Nc7 11.exd6 Qxd6 12.Ne4 Qd5 13.Nc3 Qd6 14.Ne4 Qd7 15.Nc5 Qd5
16.Bxc6 Qxc6 17.Rxe7 b6 18.Ne4 Bg4 19.Bg5 Nd5 20.Rc1 Qb5 21.h3 Bxf3 22.Qxf3 Nxe7
23.Bxe7 Qxb2 24.Rd1 Rfe8 25.Nd6 Rxe7 26.Qxa8+ Bf8 27.d5 Qc2 28.Rf1 Qc7 29.Nb5 Qb7
30.Qxb7 Rxb7 31.Rd1 Rd7 32.Kf1 Bb4 33.Rd4 Bc5 34.Rd3 f5 35.Ke2 Kf7 36.f4 a6
37.Nc3 Ke7 38.Na4 Kd6 39.Nb2 b5 40.a4 Re7+ 41.Kf3 Re4 42.axb5 axb5 43.g4 Rb4
44.Rd2 Rd4 45.Nd3 Kxd5 46.Ke2 b4 47.gxf5 gxf5 48.Ra2 Re4+ 49.Kd1 Bd6 50.Ra5+ Kd4
51.Nc1 Re3 52.Rxf5 Rxh3 53.Rf7 Ke4 54.f5 Bf4 55.Ne2 Rd3+ 56.Ke1 Bd2+ 57.Kf2 Be3+
58.Kg2 Bc5 59.Rxh7 Rd2 60.Kf1 b3 61.Rb7 b2 62.Ke1 Be3 63.Nc3+ Kf3 64.Na4 Rd3
65.Rxb2 Ra3 66.Kd1 Rxa4 67.Kc2 Rf4 68.Rb5 Ke4 69.Kc3 Bd4+ 70.Kc4 Rf1 71.Rb3 Rc1+
72.Kb5 Kd5 73.f6 Rc5+ 74.Kb4 Bxf6 75.Rh3 Rc8 76.Rh5+ Be5 77.Kb3 Rb8+ 78.Kc2 Rb2+
79.Kd3 Rb3+ 80.Kc2 Rc3+ 81.Kd2 Rb3 82.Kc2 Re3 83.Kd2 Rg3 84.Kc2 Ke4 85.Rh4+ Bf4
86.Kb2 Rf3 87.Kc2 Kd4 88.Rh8 Rc3+ 89.Kb2 Bc1+ 90.Kb1 Ba3 91.Rh4+ Kc5 92.Rg4 Bb4
93.Kb2 Rf3 94.Kc2 Ra3 95.Kb2 Kb5 96.Rg8 Rh3 97.Rb8+ Kc4 98.Rc8+ Bc5 99.Kc2 Rh2+
100.Kd1 Kd3 101.Re8 Be3 102.Rd8+ Bd4 103.Re8 Rg2 104.Re7 Ra2 105.Rc7 Rd2+
106.Ke1 Ra2 107.Kd1 Rb2 108.Kc1 Rb5 109.Rc8 Be3+  0-1

[Event "16th Monarch Assurance"]
[Site "Port Erin IOM"]
[Date "2007.09.22"]
[Round "1"]
[White "Casper,T"]
[Black "Bartel,Mat"]
[Result "0-1"]
[WhiteElo "2421"]
[BlackElo "2609"]

1.e4 c5 2.Nf3 Nc6 3.Bb5 Qb6 4.a4 e6 5.O-O Nge7 6.Re1 g6 7.Na3 Bg7 8.Nc4 Qc7
9.e5 O-O 10.d3 Nd5 11.Bxc6 Qxc6 12.Bd2 f6 13.exf6 Nxf6 14.Ng5 b6 15.Bc3 Bb7
16.f3 Rae8 17.Ne4 Nxe4 18.Bxg7 Kxg7 19.Rxe4 Qc7 20.Rh4 d5 21.Ne3 Qe5 22.Qc1 h5
23.c3 Qf6 24.Qe1 Qg5 25.a5 d4 26.Nc4 Bxf3 27.Qe5+ Kh6 28.Qxg5+ Kxg5 29.g3 e5
30.axb6 axb6 31.Re1 Kh6 32.Nxe5 g5 33.Rh3 Rxe5 34.Rxe5 Bg4 35.Kg2 dxc3 36.bxc3 Ra8  0-1

[Event "17th Senior WCh"]
[Site "Gmunden AUT"]
[Date "2007.09.24"]
[Round "7"]
[White "Shabanov,Y"]
[Black "Lein,A"]
[Result "1/2-1/2"]
[WhiteElo "2431"]
[BlackElo "2323"]

1.e4 c5 2.Nf3 Nc6 3.Bb5 g6 4.h3 Bg7 5.O-O Nf6 6.e5 Nd5 7.Nc3 Nc7 8.Bxc6 dxc6
9.d3 Ne6 10.Re1 O-O 11.Ne4 b6 12.Neg5 h6 13.Nxe6 Bxe6 14.Bf4 Qd7 15.Qd2  1/2-1/2

[Event "16th Monarch Assurance"]
[Site "Port Erin IOM"]
[Date "2007.09.24"]
[Round "3"]
[White "Casper,T"]
[Black "Cafolla,P"]
[Result "1-0"]
[WhiteElo "2421"]
[BlackElo "2034"]

1.e4 c5 2.Nf3 Nc6 3.Bb5 e6 4.O-O Nge7 5.Re1 a6 6.Bf1 Ng6 7.c3 d5 8.exd5 Qxd5
9.d4 cxd4 10.cxd4 Bb4 11.Nc3 Bxc3 12.bxc3 O-O 13.c4 Qd8 14.d5 Na5 15.Ba3 Re8
16.Bb4 b6 17.Bxa5 bxa5 18.d6 Bb7 19.Ne5 Nf4 20.Qg4 g5 21.Rab1 f5 22.Qg3 Be4
23.Rbd1 Qf6 24.Nd7 Qg7 25.Nc5 Nh5 26.Qe3 Bc6 27.d7  1-0

[Event "16th Monarch Assurance"]
[Site "Port Erin IOM"]
[Date "2007.09.24"]
[Round "3"]
[White "Horner,J"]
[Black "Kritz,L"]
[Result "0-1"]
[WhiteElo "2344"]
[BlackElo "2571"]

1.e4 c5 2.Nf3 Nc6 3.Bb5 Qb6 4.Nc3 e6 5.O-O Nge7 6.b3 Nd4 7.Bc4 Nec6 8.Nxd4 cxd4
9.Ne2 Ne5 10.Ng3 Nxc4 11.bxc4 Be7 12.d3 O-O 13.f4 d5 14.cxd5 exd5 15.e5 f6
16.exf6 Rxf6 17.f5 Rf7 18.Qg4 Bd7 19.Bg5 Bf8 20.Rab1 Qc6 21.Kh1 Qxc2 22.Qxd4 Bc6
23.Rbc1 Qa4 24.Qf2 Re8 25.Be3 Bb5 26.Rcd1 b6 27.Bd4 Qa3 28.Qd2 Bc5 29.Bxc5 bxc5
30.f6 g6 31.Qg5 Bxd3 32.Rf3 Qc3 33.Qxd5 c4 34.h3 Qe5 35.Qc6 Qe6 36.Qc5 Qe5
37.Qf2 Re6 38.Kh2 Rexf6 39.Rxf6 Qxf6 40.Qc5 h5  0-1

[Event "17th Senior WCh"]
[Site "Gmunden AUT"]
[Date "2007.09.25"]
[Round "8"]
[White "Chehlov,A"]
[Black "Klundt,K"]
[Result "0-1"]
[WhiteElo "2208"]
[BlackElo "2375"]

1.e4 c5 2.Nf3 Nc6 3.Bb5 d6 4.O-O Bd7 5.Re1 Nf6 6.c3 a6 7.Ba4 b5 8.Bc2 e5
9.h3 Be7 10.d4 O-O 11.d5 Na5 12.b3 Qc7 13.Nbd2 c4 14.b4 Nb7 15.Bb2 a5 16.a3 g6
17.Nf1 Nh5 18.Rb1 Nd8 19.Bc1 f6 20.N1h2 Nf7 21.Ng4 Qc8 22.Nfh2 Nf4 23.f3 f5
24.Nf2 Bh4 25.Be3 fxe4 26.Bxe4 Ng5 27.Rf1 axb4 28.axb4 Bxf2+ 29.Bxf2 Bxh3
30.Be3 Nxe4 31.Bxf4 Rxf4 32.fxe4 Ra2 33.Rxf4 Rxg2+ 34.Kh1 exf4 35.Qf3 Rc2
36.Qxf4 Qf8 37.Qh4 Bg2+ 38.Kg1 Bxe4  0-1

[Event "17th Senior WCh"]
[Site "Gmunden AUT"]
[Date "2007.09.26"]
[Round "9"]
[White "Plachetka,J"]
[Black "Ivanets,V RUS"]
[Result "1-0"]
[WhiteElo "2412"]
[BlackElo "2245"]

1.e4 c5 2.Nf3 Nc6 3.Bb5 Na5 4.O-O a6 5.Be2 b5 6.d4 cxd4 7.Nxd4 e6 8.a4 b4
9.c3 Bb7 10.cxb4 Bxb4 11.Bd2 Qb6 12.Be3 Qc7 13.Nc3 Nf6 14.Rc1 Qb8 15.Qd3 O-O
16.f4 Bxc3 17.Qxc3 Qd8 18.b4 Nc6 19.Bf3 Rc8 20.Qd2 Nxd4 21.Qxd4 Rxc1 22.Rxc1 Bc6
23.e5 Nd5 24.Bf2 Qa8 25.f5 Rb8 26.Bxd5 Bxd5 27.f6 Rc8 28.Qf4 Rxc1+ 29.Qxc1 h6
30.fxg7 Kxg7 31.Qf4 Qd8 32.Bh4 Qg8 33.Qg4+ Kh7 34.Qxg8+ Kxg8 35.b5 axb5 36.axb5 Kg7
37.g4 Kg6 38.Kf2 h5 39.h3 hxg4 40.hxg4 Kg7 41.Ke3 Kf8 42.Kd4 d6 43.exd6 Ke8
44.Ke5 Kd7 45.b6 Kc6 46.b7 Kxb7 47.d7  1-0

[Event "16th Monarch Assurance"]
[Site "Port Erin IOM"]
[Date "2007.09.26"]
[Round "5"]
[White "Kritz,L"]
[Black "Moiseenko,A1"]
[Result "1/2-1/2"]
[WhiteElo "2571"]
[BlackElo "2641"]

1.e4 c5 2.Nf3 Nc6 3.Bb5 d6 4.O-O Bd7 5.Re1 Nf6 6.h3 Ne5 7.Bxd7+ Nfxd7 8.Nxe5 dxe5
9.d3 e6 10.Qg4 g6 11.a3 Bg7 12.Qe2 O-O 13.Nd2  1/2-1/2

[Event "17th Senior WCh"]
[Site "Gmunden AUT"]
[Date "2007.09.27"]
[Round "10"]
[White "Lein,A"]
[Black "Buxade Roca,G"]
[Result "1/2-1/2"]
[WhiteElo "2323"]
[BlackElo "2193"]

1.e4 c5 2.Nf3 Nc6 3.Bb5 g6 4.O-O Bg7 5.Re1 e5 6.Bxc6 dxc6 7.d3 Ne7 8.b3 O-O
9.Bb2 Qc7 10.Qc1 b6 11.a4 a5 12.Na3 f6 13.Bc3 Be6 14.Nc4 Rf7 15.Qe3 Re8 16.Kh1 Nd5
17.exd5 cxd5 18.Ncxe5 d4 19.Qe4 fxe5 20.Bd2 Bd7 21.Ng5 Bc6 22.Qh4 Bf6 23.Qg3 Bxg5
24.Bxg5 e4  1/2-1/2

[Event "16th Monarch Assurance"]
[Site "Port Erin IOM"]
[Date "2007.09.28"]
[Round "7"]
[White "Ferguson,M"]
[Black "Smokina,K"]
[Result "1-0"]
[WhiteElo "2413"]
[BlackElo "2205"]

1.e4 c5 2.Nf3 Nc6 3.Bb5 g6 4.Bxc6 dxc6 5.d3 Bg7 6.O-O e5 7.a3 a5 8.Be3 b6
9.Nbd2 Ne7 10.Nc4 Qc7 11.b4 axb4 12.axb4 Rxa1 13.Qxa1 b5 14.Qa5 Qxa5 15.Nxa5 cxb4
16.Bc5 Bd7 17.Nb7 Nc8 18.Bxb4 f6 19.Ra1 Kf7 20.Nd2 Bf8 21.Bc5 Bxc5 22.Nxc5 Ke7
23.Ra6 Rf8 24.Ndb3 f5 25.Na5 Rf6 26.f4 fxe4 27.fxe5 Rf5 28.Nxe4 Rxe5 29.Nxc6+ Bxc6
30.Rxc6 Kd7 31.Ra6 Kc7 32.Kf2 Ne7 33.Ke3 Kb7 34.Ra1 Rh5 35.Rh1 Nd5+ 36.Kd2 Kc6
37.h4 Rf5 38.Ra1 h6 39.Ra8 Rh5 40.g3 g5 41.Rc8+ Kb6 42.Re8 gxh4 43.g4 Nc7
44.Rb8+ Ka7 45.Rc8  1-0

[Event "IRT Salomao Rovedo"]
[Site "Rio de Janeiro BRA"]
[Date "2007.09.29"]
[Round "6"]
[White "Chauca,J"]
[Black "Bil,A"]
[Result "0-1"]
[WhiteElo "2133"]
[BlackElo "2163"]

1.e4 c5 2.Nf3 Nc6 3.Bb5 g6 4.O-O Bg7 5.Re1 e5 6.c3 Nge7 7.Na3 a6 8.Bf1 b5
9.d3 O-O 10.Nc2 d6 11.h3 d5 12.Be3 d4 13.cxd4 cxd4 14.Bd2 a5 15.Nh2 Qd6 16.a3 Be6
17.Qe2 Rfe8 18.Rec1 Rac8 19.g4 Kh8 20.f3 f5 21.Qg2 Rf8 22.Be2 Rf7 23.Qg3 Re8
24.Rf1 Ng8 25.Ne1 Nf6 26.Ng2 Nd7 27.Nh4 f4 28.Qe1 Nc5 29.b4 Nb3 30.Rb1 Bf6
31.Ng2 axb4 32.axb4 Be7 33.Rb2 Ra8 34.Qb1 Nxd2 35.Rxd2 Nxb4 36.Rb2 Rff8 37.Qe1 Rfc8
38.Qd2 Qc5 39.Rfb1 Qc3 40.Nf1 Qxd2 41.Nxd2 Na2 42.Rxb5 Nc3 43.Rxe5 Nxb1 44.Rxe6 Rc1+
45.Kh2 Nxd2 46.Rxe7 Rf8 47.g5 Nf1+ 48.Bxf1 Rxf1 49.Nh4 Ra8 50.Kg2 Rd1  0-1

[Event "TCh-BEL 2007-8"]
[Site "Belgium BEL"]
[Date "2007.09.30"]
[Round "1"]
[White "Jens,J"]
[Black "Mohandesi,S"]
[Result "1/2-1/2"]
[WhiteElo "2409"]
[BlackElo "2322"]

1.e4 c5 2.Nf3 Nc6 3.Bb5 a6 4.Bxc6 dxc6 5.d3 Bg4 6.Nbd2 f6 7.e5 f5 8.h3 Bxf3
9.Nxf3 e6 10.Be3 Nh6 11.Bxh6 gxh6 12.Qe2 Rg8 13.Rg1 Qa5+ 14.Nd2 O-O-O 15.c3 Rd5
16.f4 Qd8 17.O-O-O Rxd3 18.Nc4  1/2-1/2

[Event "Highlands Open A"]
[Site "Zdar nad Sazavou CZE"]
[Date "2007.09.30"]
[Round "9"]
[White "Kulhanek,T"]
[Black "Svoboda,V2"]
[Result "1-0"]
[WhiteElo "2428"]
[BlackElo "2204"]

1.e4 c5 2.Nf3 Nc6 3.Bb5 g6 4.Bxc6 bxc6 5.O-O Bg7 6.c3 d6 7.d4 cxd4 8.cxd4 Bg4
9.Be3 Rb8 10.Nc3 Rxb2 11.Qa4 Qc8 12.Nd2 Bd7 13.Nb3 Rc2 14.Rac1 Rxc1 15.Rxc1 Nf6
16.Qxa7 O-O 17.Nd5 Qd8 18.Nb6 Qb8 19.Qxb8 Rxb8 20.Nxd7 Nxd7 21.Rxc6 Nb6 22.g3 Kf8
23.Na5 Ke8 24.Rc7 Ra8 25.Nc6 e6 26.d5 Nc4 27.dxe6 Nxe3 28.fxe3  1-0

[Event "Magistral ITT ENDESA"]
[Site "Santiago CHI"]
[Date "2007.10.01"]
[Round "6"]
[White "Llorens,M"]
[Black "Alonso,S"]
[Result "0-1"]
[WhiteElo "2353"]
[BlackElo "2403"]

1.e4 c5 2.Nf3 Nc6 3.Bb5 e6 4.Bxc6 bxc6 5.d3 Qc7 6.e5 Ne7 7.Qe2 Ng6 8.Na3 f6
9.Nc4 Ba6 10.exf6 gxf6 11.Bd2 Kf7 12.g3 e5 13.Nh4 Nxh4 14.gxh4 h5 15.Qf3 e4
16.Qf5 d5 17.Bf4 Bc8 18.Bxc7 Bxf5 19.Ne3 Bh7 20.dxe4 Bxe4 21.f3 Bxf3 22.Rf1 Be4
23.O-O-O Ke6 24.Bf4 Be7 25.Rde1 Kd7 26.Bg3 Rae8 27.Nf5 Bf8 28.Ne3 Re6 29.Kd2 Rg8
30.Re2 Bh6 31.Bf4 Bxf4 32.Rxf4 Rg1 33.Ref2 Rb1 34.b3 d4 35.Nf1 Bg6 36.Re2 Rxe2+
37.Kxe2 Ke6 38.Nd2 Rc1 39.Rf2 Rxc2 40.a4 Rc3 41.Rg2 Bd3+ 42.Ke1 Kf7 43.Rg3 Bc2
44.a5 a6 45.Kf2 Ke6 46.Ke1 Bd3 47.Rg8 Rc1+ 48.Kf2 Rd1 49.Nf3 Bc2 50.Re8+ Kd7
51.Ra8 Bxb3 52.Rxa6 Bc4 53.Ra7+ Kd6 54.a6 Ra1  0-1

[Event "Open"]
[Site "Nelson NZL"]
[Date "2007.10.03"]
[Round "2"]
[White "Ward,S"]
[Black "Forster,W"]
[Result "0-1"]
[WhiteElo "1745"]
[BlackElo "1977"]

1.e4 c5 2.Nf3 Nc6 3.Bb5 e5 4.Bxc6 bxc6 5.d3 d6 6.h3 f5 7.Nbd2 Nf6 8.b3 Be7
9.Bb2 O-O 10.Qe2 Kh8 11.Nc4 Qc7 12.Nfd2 Be6 13.Ne3 fxe4 14.dxe4 Rab8 15.g4 a5
16.a4 d5 17.f3 c4 18.Nf5 Bxf5 19.exf5 Bd6 20.O-O-O cxb3 21.Nxb3 Rb4 22.g5 Nh5
23.f6 Ng3 24.fxg7+ Qxg7 25.Qd2 Nxh1 26.Rxh1 Rf5 27.h4 Rxa4 28.Nxa5 Qc7 29.Nb3 Rxf3
30.g6 Raf4 31.Kb1 Rf1+ 32.Rxf1 Rxf1+ 33.Nc1 Qg7 34.h5 hxg6 35.Qg2 Qf6 36.hxg6 Kg7
37.Qg4 Qf5  0-1

[Event "GM"]
[Site "Corfu GRE"]
[Date "2007.10.06"]
[Round "6"]
[White "Khetsuriani,B"]
[Black "Bronznik,V"]
[Result "1-0"]
[WhiteElo "2337"]
[BlackElo "2382"]

1.e4 c5 2.Nf3 Nc6 3.Bb5 e6 4.O-O Nge7 5.b3 Ng6 6.Bb2 f6 7.Re1 Be7 8.c3 a6
9.Bf1 O-O 10.d4 d5 11.Nbd2 Bd7 12.g3 cxd4 13.cxd4 Rc8 14.a3 Rc7 15.Bg2 Be8
16.exd5 exd5 17.Nb1 Bf7 18.Nc3 Nb8 19.Nd2 Nc6 20.Nf1 Rd7 21.Bh3 Rc7 22.Ne3 Re8
23.Nexd5  1-0

[Event "27th Open"]
[Site "Munich GER"]
[Date "2007.10.06"]
[Round "8"]
[White "Levushkina,E"]
[Black "Vogel,R"]
[Result "0-1"]
[WhiteElo "2318"]
[BlackElo "2285"]

1.e4 c5 2.Nf3 Nc6 3.Bb5 g6 4.O-O Bg7 5.Re1 e5 6.Bxc6 bxc6 7.c3 Ne7 8.d4 cxd4
9.cxd4 exd4 10.Nxd4 d6 11.Nc3 O-O 12.Bg5 Bb7 13.Qd2 Re8 14.Nb3 a5 15.Rad1 a4
16.Nd4 a3 17.b3 Qa5 18.Qc1 Rac8 19.Na4 c5 20.Nf3 Nc6 21.Rxd6 Nd4 22.Bd2 Qb5
23.Nxd4 cxd4 24.Qb1 Qe5 25.Rb6 Bxe4 26.Qd1 Qc7 27.Bb4 Bc6 28.Ra6 Rxe1+ 29.Qxe1 Bb7
30.Rb6 Ba8 31.Bxa3 Qf4 32.Ra6 Be4 33.Nc5 Bd5 34.Ra4 Be5 35.Nd3 Qxh2+ 36.Kf1 Qxg2+
37.Ke2 Qf3+ 38.Kd2 Bf4+ 39.Nxf4 Qxf4+  0-1

[Event "Open"]
[Site "Nelson NZL"]
[Date "2007.10.06"]
[Round "8"]
[White "Milligan,H"]
[Black "Dolejs,D"]
[Result "1-0"]
[WhiteElo "2009"]
[BlackElo "1995"]

1.e4 c5 2.Nf3 Nc6 3.Bb5 e6 4.Bxc6 bxc6 5.d3 Bd6 6.Qe2 Ne7 7.Nc3 Ng6 8.e5 Bb8
9.Be3 Qa5 10.O-O Nxe5 11.Ne4 Nxf3+ 12.Qxf3 d6 13.Qg3 Kf8 14.Nxd6 f6 15.Nc4 Bxg3
16.Nxa5 Bd6 17.Nb3 Rb8 18.Rab1 c4 19.dxc4 Ba6 20.Rfd1 Bc7 21.Bxa7 Ra8 22.Bc5+ Ke8
23.Nd2 f5 24.b3 g5 25.Nf3 g4 26.Nd4 Bc8 27.a4 Bd7 28.Ne2 h5 29.Bd6 Bd8 30.Rd3 Rh7
31.Rbd1 Bb6 32.c5 Ba5 33.Nf4 Bd8 34.Ng6 Ra6 35.Nf8 Rf7 36.Nxd7 Rxd7 37.Be5 Rxd3
38.Rxd3 Be7 39.Bd6 Bf6 40.Kf1 Bg5 41.Rd4 Ra8 42.Rb4 Bd8 43.Rb7 Ra6 44.Ke2 Bf6
45.Rb6 Ra7 46.Rxc6 Bd4 47.Rc8+ Kd7 48.Rf8 Kc6 49.Re8 Bxc5 50.Bxc5 Kxc5 51.Rxe6 Kd5
52.Rb6 Kd4 53.Kd2 f4 54.c3+ Ke4 55.Rb4+ Kf5 56.Rb5+ Kg6 57.a5 Rd7+ 58.Kc2 Re7
59.Rd5 Re2+ 60.Rd2 Re1 61.Kb2 h4 62.a6 Re6 63.a7 Ra6 64.Rd4 g3 65.fxg3 h3
66.gxh3 f3 67.Rf4  1-0

[Event "KNSB TCh-NED 2007-8"]
[Site "Netherlands NED"]
[Date "2007.10.06"]
[Round "2"]
[White "Decoster,F"]
[Black "Van Kooten,L"]
[Result "1-0"]
[WhiteElo "2257"]
[BlackElo "2283"]

1.e4 c5 2.Nf3 Nc6 3.Bb5 g6 4.O-O Bg7 5.c3 Nf6 6.Re1 O-O 7.h3 Qb6 8.Na3 d6
9.d3 Nd7 10.Bg5 Re8 11.Qd2 a6 12.Ba4 Qc7 13.Bh6 Bh8 14.Ng5 e6 15.Rad1 b5
16.Bb3 Nb6 17.f4 Na5 18.f5 Nxb3 19.fxg6 hxg6 20.axb3 e5 21.Rf1 f6 22.Nf3 Be6
23.c4 b4 24.Nc2 a5 25.Ne3 Qh7 26.Nd5 Bxd5 27.cxd5 g5 28.Bxg5 fxg5 29.Nxg5 Qg6
30.Ne6 Ra7 31.Rf5 Bg7 32.Rdf1 Bh6 33.Qf2 Rh7 34.Rf8+  1-0

[Event "KNSB TCh-NED 2007-8"]
[Site "Netherlands NED"]
[Date "2007.10.06"]
[Round "2"]
[White "Kalka,A"]
[Black "Muhren,B"]
[Result "1-0"]
[WhiteElo "2399"]
[BlackElo "2303"]

1.e4 c5 2.Nf3 Nc6 3.Bb5 d6 4.Bxc6+ bxc6 5.h3 g6 6.O-O Bg7 7.d3 e5 8.Nc3 Ne7
9.Be3 h6 10.Nh2 Be6 11.a3 Qd7 12.f4 exf4 13.Rxf4 f5 14.Rf1 O-O 15.h4 Rab8
16.Rb1 Kh7 17.Qd2 fxe4 18.Rxf8 Rxf8 19.dxe4 Nc8 20.e5 Rf5 21.exd6 Qxd6 22.Qxd6 Nxd6
23.g4 Rf7 24.Bxc5 Nc4 25.Re1 Bd7 26.Re4 Nd2 27.Ra4 Bf6 28.Be3 Bxc3 29.bxc3 Nb1
30.Rxa7 Nxc3 31.Nf3 Nb5 32.Ne5 Nxa7 33.Nxf7 Nb5 34.a4 Na3 35.a5 Bc8 36.c3 Nc4
37.Bxh6 Be6 38.Ng5+ Kxh6 39.Nxe6 Nxa5 40.Kf2 Nc4 41.Kf3 Kh7 42.Ke4 Kg8 43.Nd8 c5
44.Nb7 Nd2+ 45.Ke3 Nc4+ 46.Kf4 Nb6 47.Nxc5 Nd5+ 48.Kg5 Nxc3 49.Kxg6 Nd5 50.g5 Ne7+
51.Kf6 Nd5+ 52.Ke6 Ne3 53.h5 Kg7 54.Ne4 Ng2 55.Ke5 Nh4 56.Nd6 Nf3+ 57.Kf4 Ng1
58.Nf5+ Kg8 59.Kg4 Ne2 60.g6 Nc3 61.h6 Nd5 62.h7+ Kh8 63.Kg5 Nc7 64.Kh6 Ne8
65.Nd6 Nxd6 66.g7+  1-0